oxford Birds of Northern India/ (Record no. 154265)
[ view plain ]
| 000 -LEADER | |
|---|---|
| fixed length control field | 00630nam a22002057a 4500 |
| 003 - CONTROL NUMBER IDENTIFIER | |
| control field | dpl |
| 005 - DATE AND TIME OF LATEST TRANSACTION | |
| control field | 20180718135440.0 |
| 008 - FIXED-LENGTH DATA ELEMENTS--GENERAL INFORMATION | |
| fixed length control field | 180718b xxu||||| |||| 00| 0 eng d |
| 020 ## - INTERNATIONAL STANDARD BOOK NUMBER | |
| International Standard Book Number | 9780195668285 |
| Terms of availability | 695.00 |
| 035 ## - SYSTEM CONTROL NUMBER | |
| System control number | B-129907 |
| 040 ## - CATALOGING SOURCE | |
| Original cataloging agency | DPL |
| Language of cataloging | EN |
| Transcribing agency | 0 |
| 082 ## - DEWEY DECIMAL CLASSIFICATION NUMBER | |
| Classification number | 598.09541 |
| 100 ## - MAIN ENTRY--PERSONAL NAME | |
| Personal name | Grimmett, Richard |
| 245 ## - TITLE STATEMENT | |
| Title | oxford Birds of Northern India/ |
| Statement of responsibility, etc | by Richard Grimmett [and] Tim Inskipp |
| 260 ## - PUBLICATION, DISTRIBUTION, ETC. (IMPRINT) | |
| Place of publication, distribution, etc | New Delhi |
| Name of publisher, distributor, etc | Oxford University Press |
| Date of publication, distribution, etc | 2003 |
| 300 ## - PHYSICAL DESCRIPTION | |
| Extent | 304p.: |
| Other physical details | ill; |
| Dimensions | 21cm.(pbk) |
| 500 ## - GENERAL NOTE | |
| General note | includes appendix , tables, index |
| 700 ## - ADDED ENTRY--PERSONAL NAME | |
| Personal name | Inskipp, Tim |
| 942 ## - ADDED ENTRY ELEMENTS (KOHA) | |
| Source of classification or shelving scheme | Dewey Decimal Classification |
| Koha item type | English Books |
| Classification part | 598.09541 |
| Call number suffix | GRI |
| Withdrawn status | Lost status | Source of classification or shelving scheme | Damaged status | Not for loan | Collection code | Home library | Current library | Date acquired | Source of acquisition | Cost, normal purchase price | Total Checkouts | Full call number | Barcode | Date last seen | Date checked out | Cost, replacement price | Price effective from | Koha item type |
|---|---|---|---|---|---|---|---|---|---|---|---|---|---|---|---|---|---|---|
| Dewey Decimal Classification | Non-fiction | Patel Nagar | Patel Nagar | 18/07/2018 | BPPD/Pub | 695.00 | 1 | 598.09541 GRI | B-129907 | 28/01/2019 | 18/01/2019 | 695.00 | 18/07/2018 | English Books | ||||
| Dewey Decimal Classification | Non-fiction | Sarojini Nagar | Sarojini Nagar | 06/08/2022 | 695.00 | 598.09541 GRI | B-129915 | 06/08/2022 | 695.00 | 06/08/2022 | English Books | |||||||
| Dewey Decimal Classification | Non-fiction | Sarojini Nagar | Sarojini Nagar | 06/08/2022 | 695.00 | 1 | 598.09541 GRI | B-129911 | 04/10/2024 | 20/09/2024 | 695.00 | 06/08/2022 | English Books |
